|
|
|
|
| LEADER |
00000nam0a2200000 4500 |
| 001 |
215048 |
| 005 |
20231101225935.0 |
| 010 |
|
|
|a 9785911346324
|
| 035 |
|
|
|a (RuTPU)RU\TPU\book\234943
|
| 090 |
|
|
|a 215048
|
| 100 |
|
|
|a 20120503d2012 m y0rusy50 ca
|
| 101 |
0 |
|
|a rus
|
| 102 |
|
|
|a RU
|
| 105 |
|
|
|a a j 001zy
|
| 200 |
1 |
|
|a Основы общей экологии
|e учебное пособие
|f П. А. Волкова
|
| 210 |
|
|
|a Москва
|c Форум
|d 2012
|
| 215 |
|
|
|a 128 с.
|c ил.
|
| 320 |
|
|
|a Рекомендуемая литература: с. 123.
|
| 330 |
|
|
|a Учебное пособие знакомит читателей с основами фундаментальной экологии. Последовательно рассматриваются вопросы популяционной экологии, экологии экосистем и экологии биосферы, а также охраны природы. Пособие предназначено для школьников старших классов и учителей, полностью соответствует авторской программе курса «Основы общей экологии», утвержденной Московским институтом открытого образования. Может быть использовано студентами младших курсов вузов, учащимися колледжей и всеми интересующимися биологией.
|
| 606 |
1 |
|
|a Экология
|x (биологические науки)
|2 stltpush
|3 (RuTPU)RU\TPU\subj\67531
|9 83289
|
| 610 |
1 |
|
|a популяционная экология
|
| 610 |
1 |
|
|a популяции
|
| 610 |
1 |
|
|a межвидовые взаимодействия
|
| 610 |
1 |
|
|a экосистемы
|
| 610 |
1 |
|
|a биосфера
|
| 610 |
1 |
|
|a природа
|
| 610 |
1 |
|
|a охрана
|
| 610 |
1 |
|
|a учебные пособия
|
| 675 |
|
|
|a 574(07)
|v 3
|
| 700 |
|
1 |
|a Волкова
|b П. А.
|g Полина Андреевна
|
| 801 |
|
1 |
|a RU
|b 63413507
|c 20120503
|
| 801 |
|
2 |
|a RU
|b 63413507
|c 20171101
|g RCR
|
| 900 |
|
|
|a Основы экологии
|
| 942 |
|
|
|c BK
|
| 959 |
|
|
|a 69/20120502
|d 2
|e 129,90
|f ЧЗТЛ:1
|f АНЛ:1
|